000 00694nam a2200205 u 4500
001 000020737
005 20240412074249.0
008 100813s201u dr r 000 p spa d
040 _aDO-SdBNP
_bspa
_cBNPHU
082 _aRD861.5
_bJ58s
100 1 _aJesús Pujols, Marino Dani de,
_d1973-
_943493
245 1 0 _aSusurros de mí alma /
_cMarino Dani de Jesús Pujols.
260 _a[Santo Domingo] :
_b[s.n.],
_c[20--].
300 _a222 p. :
_bil. ;
_c21 cm.
500 _aIncluye datos biográficos del autor en la contracubierta
590 _aInventariado, 2019 / DG
650 0 _aPoesía dominicana
_966
650 0 _aLiteratura dominicana.
_967
910 _aValidado. Control de calidad MFF
999 _c20241
_d20241